LEADER 00978nam0-2200325---450- 001 990009200110403321 005 20100617121748.0 010 $a978-88-15-12309-1 035 $a000920011 035 $aFED01000920011 035 $a(Aleph)000920011FED01 035 $a000920011 100 $a20100617d2008----km-y0itay50------ba 101 0 $aita 102 $aIT 105 $ay-------001yy 200 1 $aDa stato unitario a stato federale$eterritorializzazione della politica, devoluzione e adattamento istituzionale in Europa$fa cura di Sofia Ventura 210 $aBologna$cil Mulino$d2008 215 $a232 p.$d21 cm 225 1 $a<>Mulino Ricerca 610 0 $aFederalismo$aEuropa 676 $a321.02094$v21$zita 702 1$aVentura,$bSofia 801 0$aIT$bUNINA$gREICAT$2UNIMARC 901 $aBK 912 $a990009200110403321 952 $aII F 182$b45616$fFSPBC 959 $aFSPBC 996 $aDa stato unitario a stato federale$9774980 997 $aUNINA LEADER 02374oam 2200637I 450 001 9910784757603321 005 20230422045033.0 010 $a1-134-61239-7 010 $a0-203-16960-3 010 $a1-134-61240-0 010 $a1-280-32695-6 010 $a0-203-13733-7 024 7 $a10.4324/9780203137338 035 $a(CKB)1000000000402319 035 $a(EBL)165868 035 $a(OCoLC)559979245 035 $a(SSID)ssj0000095694 035 $a(PQKBManifestationID)11120082 035 $a(PQKBTitleCode)TC0000095694 035 $a(PQKBWorkID)10075227 035 $a(PQKB)10509531 035 $a(MiAaPQ)EBC165868 035 $a(Au-PeEL)EBL165868 035 $a(CaPaEBR)ebr10053833 035 $a(CaONFJC)MIL32695 035 $a(OCoLC)49569890 035 $a(EXLCZ)991000000000402319 100 $a20180706d2000 uy 0 101 0 $aeng 135 $aur|n|---||||| 181 $ctxt 182 $cc 183 $acr 200 10$a39 microlectures $ein proximity of performance /$fMatthew Goulish 210 1$aLondon ;$aNew York :$cRoutledge,$d2000. 215 $a1 online resource (225 p.) 300 $aDescription based upon print version of record. 311 $a0-415-21392-4 311 $a0-415-21393-2 320 $aIncludes bibliographical references (p. 197-203) and index. 327 $aBook Cover; Title; Contents; Acknowledgements; Introduction; What is a microlecture?; Repetition; Criticism; Pedagogy; Beginnings; Hair; Women and directing; Technologies of dying; How does a work work where?; The kaleidoscopic self; Three noteworthy departures; Failure; To the reader-2; Source Notes; Bibliography; Introduction to the Index; Index 330 $a39 Microlectures: In Proximity of Performance is a collection of miniature stories, parables, musings and thinkpieces on the nature of reading, writing, art, collaboration, performance, life, death, the universe and everything. 517 3 $aThirty-nine microlectures 606 $aPerformance art 606 $aArts, Modern$y20th century 615 0$aPerformance art. 615 0$aArts, Modern 676 $a818/.607 700 $aGoulish$b Matthew$f1960-,$01515969 801 0$bMiAaPQ 801 1$bMiAaPQ 801 2$bMiAaPQ 906 $aBOOK 912 $a9910784757603321 996 $a39 microlectures$93752090 997 $aUNINA